MARC

LEADER 00000cam a2200000 7i4500
001 0000006137
005 20101110093000.0
020 |a 9836212671 
050 0 0 |a CN400   |b .083 
090 0 0 |a CN400   |b .083 
100 0 |a Othman Mohd Yatim ,   |d 1949- ,   |e author 
245 1 0 |a Epigrafi Islam terawal di Nusantara   |c Othman Mohd. Yatim dan Abdul Halim Nasir 
260 2 |a Kuala Lumpur :   |b Dewan Bahasa dan Pustaka ,   |c 1990 
300 |a xvi, 124 p. :   |b ill. ;   |c 30 cm. 
504 |a Includes bibliographical references (p. 113-119) and index 
650 0 |a Inscriptions, Arabic   |z Indonesia 
650 0 |a Islamic antiquities   |z Malay Archipelago 
650 0 |a Islamic inscriptions   |z Indonesia 
650 0 |a Islamic inscriptions   |z Malay Archipelago 
650 0 |a Islamic sepulchral monuments   |z Indonesia 
700 0 |a Abdul Halim Nasir ,   |d 1938-1999 ,   |e author 
999 |a 1000007908   |b Book   |c OPEN SHELF (30 DAYS)   |e Gong Badak Campus